000 02306cam a22005054i 4500
003 PE-LiUPU
005 20250731183405.0
008 171115s2000 pe a rb 000 0 spa d
020 _a9786123172664
035 _a(Sirsi) a240094
040 _aPE-LiUPU
_bspa
_cPE-LiUPU
_erda
049 _aPRUA
082 0 4 _a720.985
_bM26
_221
082 0 4 _a720.985
_bM26
_2017
100 1 _aMartuccelli, Elio,
_eautor.
245 1 0 _aArquitectura para una ciudad fragmentada :
_bideas, proyectos y edificios en la Lima del siglo XX /
_cElio Martuccelli.
250 _aPrimera edición.
250 _aSegunda edición.
264 1 _aLima :
_bIUniversidad Ricardo Palma,
_c2000.
264 1 _aLima :
_bIUniversidad Ricardo Palma,
_c2017.
300 _a425 páginas :
_bilustraciones ;
_c24 centímetros.
336 _atext
_2rdacontent
337 _aunmediated
_2rdamedia
338 _avolume
_2rdacarrier
504 _aBibliografía : páginas 380-419.
505 0 _aLa interpretación del hecho arquitectónico -- La arquitectura y la inquietud nacional -- La arquitectura y el proyecto modernizado -- La arquitectura y el desborde urbano.
526 _aP158
526 _aP146
526 _aP17
526 _aP12
526 _aP06
526 8 _iPrograma académico :
_5PE-LiUPU
541 _g029-805;
541 _gF00-00002249;
650 1 8 _aArquitectura
_zPerú
_xHistoria
_ySiglo XX.
650 2 8 _aArquitectura doméstica
_zPerú.
650 2 8 _aUrbanismo
_zPerú
_zLima.
710 2 _aUniversidad Ricardo Palma (Lima)
910 _adbm
_bksl
_cksl
_d20171115
942 _2ddc
_cBOOK
949 _a720.985 M26 2017
_wDEWEY
_c1
_iFT04261
_lCCODEBUT1
_mBUT
_p26.40
_r0
_sY
_tBOOK
_u2022-03-29
_zARQUITECTURA
_0COMPRA
_o.STAFF. Colección General Tarapoto
596 _a1 2
999 _a720.985 M26
_wLC
_c25752
_i77054
_d25752
_e2019-9-5
_f2021-11-9
_g4
_lCCODEBUL1
_mBUL
_n9
_p27.84
_q2
_r0
_sY
_tBOOK
_u2017-11-15
_xINGENIERIA
_PP06
_0COMPRA
_o.STAFF. Colección Ingeniería y Arquitectura
999 _a720.985 M26 2017
_wDEWEY
_c1
_iFT04261
_lCCODEBUT1
_mBUT
_p26.40
_r0
_sY
_tBOOK
_u2022-3-29
_xINGENIERIA
_PP06
_0COMPRA
_1FCOMPR4
980 _81
_gALBERTO SANCHEZ Responsable de Automatización